Grundsatzfragen der Ostrechtsforschung : Referate u. Diskussionsbeitr. d. 10. Symposiums d. Studiengruppe für Ostrecht /
Saved in:
| Corporate Author: | |
|---|---|
| Other Authors: | |
| Format: | Book |
| Language: | German |
| Published: |
Tübingen :
Erdmann,
1980.
|
| Series: | Studien des Instituts für Ostrecht München ;
Bd. 28. |
| Subjects: | |
| Tags: |
Add Tag
No Tags, Be the first to tag this record!
|
| LEADER | 01805cam a2200325 i 4500 | ||
|---|---|---|---|
| 001 | 005115669-5 | ||
| 005 | 20020606095253.2 | ||
| 008 | 801209s1980 gw b 100 0 ger | ||
| 010 | |a 80511836 //r92 | ||
| 015 | |a GFR80-A | ||
| 020 | |a 3771109728 | ||
| 035 | 0 | |a ocm07203558 | |
| 040 | |a DLC |c DLC |d HVL | ||
| 043 | |a ee----- | ||
| 050 | 0 | 0 | |a KJC510.A6 |b S78 1980 |
| 082 | 0 | 0 | |a 349.47 |2 19 |
| 110 | 2 | |a Studiengruppe für Ostrecht. | |
| 245 | 1 | 0 | |a Grundsatzfragen der Ostrechtsforschung : |b Referate u. Diskussionsbeitr. d. 10. Symposiums d. Studiengruppe für Ostrecht / |c Boris Meissner ... [et al.]. |
| 260 | |a Tübingen : |b Erdmann, |c 1980. | ||
| 300 | |a 161 p. ; |c 21 cm. | ||
| 490 | 1 | |a Studien des Instituts für Ostrecht München ; |v Bd. 28 |x 0073-8492 | |
| 504 | |a Includes bibliographical references. | ||
| 505 | 0 | 0 | |t Entwicklung und Stand der deutschen Ostrechtsforschung und ihre Stellung in der internationalen Ostwissenschaft / |r Boris Meissner -- |t Über die sachliche, institutionelle und personelle Eigenständigkeit der Ostrechtsforschung / |r Klaus Westen -- |t Aufgaben der deutschen Ostrechtsforschung / |r Herwig Roggemann -- |t Methodenprobleme der Ostrechtsforschung / |r Friedrich-Christian Schroeder -- |t Thesen zum Verhältnis von Ostrechtsforschung und Politikwissenschaft / |r Otto Luchterhandt -- |t Thesen zur Frage der Rechtsvergleichung zwischen differenten Gesellschaftssystemen / |r Ulrich Lohmann -- |t Lehre und Studium des sozialistischen Rechts am Beispiel der Bremer Juristenausbildung / |r Klaus Sieveking. |
| 650 | 0 | |a Law |z Europe, Eastern |v Congresses. | |
| 655 | 7 | |a Conference proceedings. |2 fast | |
| 655 | 7 | |a Conference papers and proceedings. |2 fast | |
| 700 | 1 | |a Meissner, Boris. | |
| 830 | 0 | |a Studien des Instituts für Ostrecht München ; |v Bd. 28. | |
| 988 | |a 20020608 | ||
| 906 | |0 DLC | ||


